Statistiques concernant Nourriture qui commence par T

Cliquez ici pour prendre le quiz!

Statistiques générales

  • Ce quiz a été pris 122 fois
  • Le résultat moyen est 5 sur 8

Statistiques - réponses

Réponse% Correct
Tarte
90%
Taco
84%
Tartare
69%
Truffe
68%
Truite
60%
Tapenade
57%
Thym
54%
Tourteau
36%

Distribution des résultats

Percentile par nombre de réponses

% des personnes avec chaque résultat

Votre développement - résultats

Vous n’avez pas pris ce quiz